[Event "35 Masters 2012"]
[Site "Rennes"]
[Date "2012.04.07"]
[Round "1.1"]
[White "Geffroy, Leo"]
[Black "Lejarre, Ludovic"]
[Result "0-1"]
[WhiteElo "1964"]
[BlackElo "2369"]
[PlyCount "54"]

1. e4 e5 2. Nf3 Nc6 3. Bb5 a6 4. Ba4 Nf6 5. d3 d6 6. c3 g6 7. Nbd2 Bg7 8. O-O
O-O 9. Re1 Bd7 10. Nf1 Nh5 11. d4 b5 12. Bc2 exd4 13. Nxd4 Re8 14. Be3 Ne5 15.
a4 Nc4 16. Qc1 c5 17. Ne2 bxa4 18. f3 Rb8 19. Bxa4 Bxa4 20. Rxa4 Nxb2 21. Rxa6
Nd3 22. Qd2 Nxe1 23. Qxe1 d5 24. Bxc5 dxe4 25. f4 Qc8 26. Ra5 Ra8 27. Bb4 Rxa5
(27... Rxa5 28. Bxa5 Qc5+ 29. Kh1 Qxa5 $18) 0-1

[Event "35 Masters 2012"]
[Site "Rennes"]
[Date "2012.04.07"]
[Round "1.2"]
[White "Le Goff, Damien"]
[Black "Minvielle, Vincent"]
[Result "1-0"]
[WhiteElo "2277"]
[BlackElo "1860"]
[PlyCount "93"]

1. e4 Nc6 2. Nf3 d6 3. d4 f5 4. d5 fxe4 5. dxc6 exf3 6. Bb5 b6 7. Qxf3 Nf6 8.
Bg5 e5 9. Bc4 Bg4 10. Bxf6 Bxf3 11. Bxd8 Bxg2 12. Rg1 Bxc6 13. Bg5 d5 14. Be2
Bc5 15. Nd2 O-O 16. Bh4 Rf7 17. Rf1 Raf8 18. f3 Be3 19. Bg3 Re8 20. O-O-O Kh8
21. Rde1 d4 22. Kd1 b5 23. Ne4 Bd5 24. b3 a6 25. Bd3 h6 26. Rxe3 dxe3 27. Ke2
Rfe7 28. Kxe3 Rc8 29. Nc5 c6 30. Be4 a5 31. Nd3 Bxe4 32. fxe4 Rce8 33. Rf5 Kg8
34. Rxe5 g6 35. Rxe7 Rxe7 36. Bd6 Rd7 37. e5 Kf7 38. Nc5 Ke8 39. Nxd7 Kxd7 40.
Bf8 Ke6 41. Ke4 h5 42. Bh6 Kf7 43. h4 Ke6 44. Bg5 Kd7 45. Kd4 Kc7 46. e6 Kd6
47. e7 1-0

[Event "35 Masters 2012"]
[Site "Rennes"]
[Date "2012.04.07"]
[Round "1.3"]
[White "Huard, Herve"]
[Black "Entem, Alan"]
[Result "0-1"]
[WhiteElo "1821"]
[BlackElo "2151"]
[PlyCount "57"]
[EventDate "2012.??.??"]

1. Nf3 g6 2. g3 Bg7 3. d3 Nc6 4. Nbd2 e5 5. e4 Nge7 6. Bg2 d6 7. c3 O-O 8. O-O
h6 9. Re1 Be6 10. h3 Qd7 11. g4 f5 12. gxf5 gxf5 13. Kh2 Ng6 14. exf5 Bxf5 15.
Ne4 Kh8 16. Ng3 Nce7 17. Nh5 Nd5 18. Be3 Rg8 19. Qd2 Nxe3 20. fxe3 Raf8 21. Qe2
Qf7 22. Ng3 Be6 23. Rf1 Qe7 24. Ne4 d5 25. Nfg5 dxe4 26. Bxe4 Qxg5 27. Rg1 Qh4
28. Rg3 Bxh3 29. Kg1 (29. Kg1 Qxg3+) 0-1

[Event "35 Masters 2012"]
[Site "Rennes"]
[Date "2012.04.07"]
[Round "1.4"]
[White "Le Marec, Simon"]
[Black "Charpentier, Maxime"]
[Result "1/2-1/2"]
[WhiteElo "2134"]
[BlackElo "1814"]
[PlyCount "75"]
[EventDate "2012.??.??"]

1. e4 d5 2. d4 dxe4 3. Nc3 Nf6 4. f3 exf3 5. Nxf3 Bg4 6. h3 Bh5 7. g4 Bg6 8.
Ne5 Nbd7 9. Qf3 c6 10. Nxg6 hxg6 11. g5 Nh5 12. Bc4 e6 13. Rf1 Qe7 14. Bd2 Nb6
15. Bb3 Nd5 16. Ne4 f5 17. gxf6 gxf6 18. O-O-O Bg7 19. c4 Nc7 20. c5 Nb5 (20...
O-O-O) 21. Bb4 (21. Nd6+ Nxd6 22. cxd6 Qxd6 23. Bxe6) 21... f5 $2 (21... O-O-O)
22. Nd6+ Nxd6 23. cxd6 Qg5+ 24. Kb1 Kd7 (24... O-O-O) 25. Bxe6+ $3 Kxe6 26.
Rfe1+ (26. Rde1+ {est encore plus fort}) (26. Qb3+ Kf6 27. Rfe1) 26... Kf6 27.
Qb3 Nf4 28. Re7 (28. d5) 28... Nd5 29. Rde1 Qg2 30. R1e6+ Kg5 31. Rxg7 Nf4 32.
Qe3 Qf1+ 33. Kc2 $4 {Les deux joueurs sont en serieux zeinot et Simon manque
le gain} ({Le coup correcte etait} 33. Be1 $1 Kh5 34. Rexg6 Rae8 (34... Nxg6
35. Qg3 {Les Noirs vont devoir donner leur Dame pour ne pas se faire mater})
35. Rg1 {avec une finale gagnante}) 33... Qc4+ 34. Bc3 Qxe6 35. Qg3+ Kh5 36.
Qf3+ Kg5 37. Qg3+ Kh5 38. Qf3+ 1/2-1/2

[Event "35 Masters 2012"]
[Site "Rennes"]
[Date "2012.04.07"]
[Round "1.5"]
[White "Ferret-Leger, Gaspard"]
[Black "Otmani, Kamel"]
[Result "0-1"]
[WhiteElo "1811"]
[BlackElo "2100"]
[PlyCount "88"]
[EventDate "2012.??.??"]

1. c4 Nf6 2. Nc3 g6 3. g3 Bg7 4. Bg2 d6 5. Nf3 O-O 6. O-O Nc6 7. d3 d5 8. cxd5
Nxd5 9. Nxd5 Qxd5 10. Nd2 Qh5 11. Re1 Nd4 12. Nf3 Bh3 13. Nxd4 Bxg2 14. Kxg2
Bxd4 15. Qc2 c5 16. Bd2 Rac8 17. Bc3 Qd5+ 18. Kg1 Rc6 19. Bxd4 cxd4 20. Qb3
Qxb3 21. axb3 a6 22. Rec1 Rfc8 23. Rc4 e5 24. Rac1 Kf8 25. Kf1 Ke7 26. Rxc6
Rxc6 27. Rc4 Kd6 28. Ke1 a5 29. Kd2 b5 30. Rxc6+ Kxc6 31. b4 axb4 32. b3 Kd5
33. e4+ dxe3+ 34. Kxe3 f5 35. f4 h6 36. fxe5 Kxe5 37. d4+ Kd5 38. Kd3 g5 39.
Ke3 f4+ 40. gxf4 gxf4+ 41. Kxf4 Kxd4 42. Kf5 Kc3 43. Kg6 Kxb3 44. Kxh6 Kc4 0-1

[Event "35 Masters 2012"]
[Site "Rennes"]
[Date "2012.04.07"]
[Round "1.6"]
[White "Theon, Pierre"]
[Black "Belouassa, Aurelien"]
[Result "0-1"]
[WhiteElo "2090"]
[BlackElo "1749"]
[PlyCount "70"]

1. d4 d5 2. e4 dxe4 3. Nc3 Nf6 4. f3 exf3 5. Nxf3 Bg4 6. h3 Bxf3 7. Qxf3 c6 8.
Qf2 Nbd7 9. Bg5 Qb6 10. O-O-O O-O-O 11. Be3 Qa5 12. g4 Nd5 13. Bd2 Nxc3 14.
Bxc3 Qxa2 15. b3 e5 16. Bd3 f6 17. Kd2 exd4 18. Bxd4 Qa5+ 19. Ke2 Bc5 20. Bf5
Bxd4 21. Rxd4 Rhe8+ 22. Kf3 g6 23. Bxd7+ Rxd7 24. Rxd7 Kxd7 25. Rd1+ Kc8 26.
Rd3 f5 27. Qh4 Rf8 28. g5 Qc7 29. Qd4 b6 30. Qc4 Re8 31. b4 Re4 32. Qa6+ Kb8
33. Ra3 Rd4 34. Re3 Qf4+ 35. Ke2 Qh2+ 0-1

[Event "35 Masters 2012"]
[Site "Rennes"]
[Date "2012.04.07"]
[Round "1.7"]
[White "Ruhlmann, Helene"]
[Black "Aubry, Yannis"]
[Result "0-1"]
[WhiteElo "1736"]
[BlackElo "2069"]
[PlyCount "48"]

1. d4 Nf6 2. Nf3 e6 3. g3 b6 4. c4 Bb7 5. Bg2 Be7 6. Nc3 O-O 7. O-O Ne4 8. Qc2
Nxc3 9. bxc3 f5 10. Rd1 Be4 11. Qb3 Nc6 12. Nd2 Na5 13. Qa4 Bxg2 14. Kxg2 Nb7
15. Nf3 d6 16. Qc2 Qe8 17. d5 e5 18. Bg5 e4 19. Nd4 Bxg5 20. Ne6 Qe7 21. Nxf8
Rxf8 22. e3 Nc5 23. a4 a5 24. Kg1 Rf6 0-1

[Event "35 Masters 2012"]
[Site "Rennes"]
[Date "2012.04.07"]
[Round "1.8"]
[White "Jouneau, Quentin"]
[Black "Henry, Solenne"]
[Result "1-0"]
[WhiteElo "2006"]
[BlackElo "1688"]
[PlyCount "41"]

1. e4 e6 2. Qe2 e5 3. Nf3 Nc6 4. c3 d6 5. d4 Bg4 6. d5 Nce7 7. Qb5+ c6 8. Qxb7
Rb8 9. Qxa7 cxd5 10. exd5 Nxd5 11. Be2 Ngf6 12. Nxe5 dxe5 13. Bxg4 Nxg4 14. O-O
Nb6 15. Bg5 Nf6 16. Nd2 Bd6 17. Ne4 O-O 18. Rfd1 Qe7 19. Qa6 Bc7 20. Rd3 Kh8
21. Rh3 1-0

[Event "35 Masters 2012"]
[Site "Rennes"]
[Date "2012.04.07"]
[Round "1.9"]
[White "Le Marec, Laura"]
[Black "Maulana, Kahfi"]
[Result "0-1"]
[WhiteElo "1665"]
[BlackElo "1987"]
[PlyCount "64"]
[EventDate "2012.??.??"]

1. d4 Nf6 2. Nf3 c5 3. e3 g6 4. Be2 Bg7 5. O-O O-O 6. c3 Qc7 7. Nbd2 d5 8. Ne5
Nc6 9. Ndf3 Bf5 10. Qb3 Rfd8 11. a4 Ne4 12. Nxc6 bxc6 13. Qd1 Bf6 14. Ne1 Rab8
15. f3 Nd6 16. Bd3 cxd4 17. exd4 c5 18. dxc5 Qxc5+ 19. Kh1 d4 20. cxd4 Bxd4 21.
Qe2 Be6 22. Rb1 Nc4 23. Nc2 Bxb2 24. Ne3 Bxc1 25. Rbxc1 Qxe3 26. Bxc4 Qxe2 27.
Bxe2 Rd2 28. Bb5 Rb6 29. Kg1 a6 30. Bc6 Rbb2 31. f4 Bd7 32. Bxd7 Rxg2+ (32...
Rxg2+ 33. Kh1 Rxh2+ 34. Kg1 Rbg2# {Mat}) 0-1

[Event "35 Masters 2012"]
[Site "Rennes"]
[Date "2012.04.07"]
[Round "1.10"]
[White "Louis, Corentin"]
[Black "Durand-Le Ludec, Brendan-Bubok"]
[Result "1-0"]
[WhiteElo "1974"]
[BlackElo "1598"]
[PlyCount "51"]
[EventDate "2012.??.??"]

1. e4 c5 2. Nf3 e6 3. d4 cxd4 4. Nxd4 a6 {La variante Paulsen. Le jeu des
Noirs est base sur des mesures preventives. Les pions a6 et e6 controlent les
cases b5, d5 et f5. Les Noirs attendent de connaitre le type de developpement
des Blancs avant de choisir le leur.} 5. Nc3 Qc7 {La Dame garde un oeil sur
les cases e5 et f4, toujours dans le meme esprit de prophylaxie.} 6. Be3 Nf6 7.
a3 {Pour empecher Bb4} 7... Be7 8. Be2 Nc6 9. O-O O-O 10. Kh1 {Les Blancs ne
cachent par leurs intentions: jouer f2-f4 et profiter de leur majorite de
pions sur l'aile-Roi pour declencher une attaque contre le Roi noir} 10... d6
11. f4 Bd7 12. Qe1 {Un coup standard, pour transferer la Dame sur laile-Roi}
12... Nxd4 13. Bxd4 e5 $2 (13... d5 {maintient l'equilibre}) 14. fxe5 dxe5 15.
Qg3 $1 {Les Blancs ont une attaque gagnante} 15... Ng4 16. Bxg4 Bxg4 17. Bxe5
Qc8 18. Nd5 Bd8 19. Bf4 h5 20. h3 f6 21. Bd6 g5 22. Rf2 Be6 23. Bxf8 Bxd5 24.
exd5 h4 25. Qd6 Bc7 26. Qxf6 1-0

[Event "35 Masters 2012"]
[Site "Rennes"]
[Date "2012.04.07"]
[Round "2.1"]
[White "Lejarre, Ludovic"]
[Black "Aubry, Yannis"]
[Result "1-0"]
[WhiteElo "2369"]
[BlackElo "2069"]
[PlyCount "108"]
[EventDate "2012.??.??"]

1. e4 e6 2. d4 d5 3. Nc3 Nf6 4. e5 Nfd7 5. Qg4 c5 6. dxc5 Nxe5 7. Qg3 Nbc6 8.
Nb5 Bxc5 9. Qxg7 Kd7 (9... Ng6) 10. Nf3 Nxf3+ 11. gxf3 Qf8 12. Qg3 a6 13. Nc3
Nb4 14. Bd3 Nxd3+ 15. cxd3 b5 16. Qh4 Qg7 17. Be3 d4 18. Ne4 Be7 19. Bg5 Bxg5
20. Nxg5 Bb7 {(=)} 21. O-O-O Qf6 22. Qh5 Rhc8+ 23. Kb1 Rc5 24. Ne4 Bxe4 25.
Qxc5 Bxf3 26. Rc1 Bxh1 27. Qc7+ Ke8 28. Rg1 Qg6 (28... Qh8 29. Rxh1) 29. Rxg6
hxg6 30. Qd6 Bd5 31. f4 Bb7 32. Qb6 Bh1 33. h4 Bg2 34. a3 Bh1 35. Qd6 Bb7 36.
Qc7 Bg2 37. Qe5 Kf8 38. Qxd4 Ke7 39. Qc5+ Ke8 40. Qd6 Bb7 41. Qb6 Bh1 42. Qe3
Kf8 43. Qc5+ Ke8 44. Kc1 Bb7 45. Kd2 Bh1 46. Ke3 Bg2 47. Kf2 Bh1 48. Qd6 Bb7
49. Qb6 Bh1 50. Ke3 Bg2 51. Kd4 Rd8+ 52. Ke5 Rd5+ 53. Kf6 Rf5+ 54. Kg7 Rxf4 (
54... Rxf4 55. Qb8+ Ke7 56. Qxf4) 1-0

[Event "35 Masters 2012"]
[Site "Rennes"]
[Date "2012.04.07"]
[Round "2.2"]
[White "Maulana, Kahfi"]
[Black "Le Goff, Damien"]
[Result "0-1"]
[WhiteElo "1987"]
[BlackElo "2277"]
[PlyCount "66"]

1. e4 e6 2. b3 d5 3. Bb2 Nf6 4. e5 Nfd7 5. f4 c5 6. Nf3 b6 7. Nc3 Be7 8. Qe2
Ba6 9. Qf2 Bxf1 10. Rxf1 Nc6 11. a3 O-O 12. O-O-O d4 13. Ne4 b5 14. g4 Kh8 15.
g5 a5 16. Qh4 Rg8 17. Rg1 g6 18. Nf6 Rg7 19. Rg3 Nf8 20. Qg4 a4 21. h4 $5 {Le
premier mauvais coup. Les Blancs n'ont pas compris l'idée des Noirs de
sacrifier la qualité} b4 {Les Noirs prennent l'initiative} 22. h5 $2 {Trop
optimiste les Blancs poursuivent} bxa3 23. Ba1 axb3 24. cxb3 a2 (24... Na5 {
était encore plus fort !}) 25. h6 Rg8 $1 {what else ? Voilà l'idée des Noirs:
si les Blancs prennent la qualité en g8, leur attaque est au point mort. Mais
en plus il ont un pion passé en a2 et un Roi blanc dans les courants d'air.
Pour combler le tout, les pièces noires se coordonnent à merveille !} 26. Ne1
c4 27. bxc4 Qb6 28. Kc2 Nb4+ 29. Kc1 Bxf6 30. exf6 Nd3+ 31. Kc2 Nf2 32. Qf3
Nxd1 33. Qxd1 Rb8 0-1

[Event "35 Masters 2012"]
[Site "Rennes"]
[Date "2012.04.07"]
[Round "2.3"]
[White "Entem, Alan"]
[Black "Jouneau, Quentin"]
[Result "1-0"]
[WhiteElo "2151"]
[BlackElo "2006"]
[PlyCount "39"]
[EventDate "2012.??.??"]

1. e4 Nc6 2. Nc3 e5 3. Bc4 Nf6 4. d3 Bc5 5. f4 d6 6. Nf3 Ng4 7. Ng5 Qf6 $2 (
7... O-O) 8. Bxf7+ Kd8 9. Nd5 Qh6 10. Bg8 Qh4+ 11. g3 Bf2+ 12. Kd2 Bxg3 13.
hxg3 Qxg3 14. Nf7+ Ke8 15. Nxh8 Nd4 16. a4 b5 17. Kc3 bxa4 18. Rxa4 Nf2 19.
Qh5+ g6 20. Qxh7 1-0

[Event "35 Masters 2012"]
[Site "Rennes"]
[Date "2012.04.07"]
[Round "2.4"]
[White "Otmani, Kamel"]
[Black "Louis, Corentin"]
[Result "1/2-1/2"]
[WhiteElo "2100"]
[BlackElo "1974"]
[PlyCount "79"]

1. d4 f5 2. c4 Nf6 3. g3 g6 4. Bg2 Bg7 5. Nh3 O-O 6. Nf4 d6 7. d5 a5 8. h4 Na6
9. h5 Qe8 10. Nc3 Bd7 11. hxg6 hxg6 12. Ne6 Bxe6 13. dxe6 Nc5 14. Bh6 Ng4 15.
Bxg7 Kxg7 16. Qd4+ Nf6 17. Nd5 Nxe6 18. Qe3 Nxd5 19. cxd5 Nc5 20. O-O-O Qf7 21.
Qh6+ Kf6 22. Rh5 e6 23. dxe6 Nxe6 24. Bxb7 Rab8 25. Bd5 Ke7 26. Rh4 Qf6 27. Qd2
Rb5 28. Rh7+ Kd8 29. Bxe6 Qxe6 30. Kb1 Re8 31. e3 Re7 32. Rh8+ Kd7 33. Rh4 Re8
34. Rh7+ Re7 35. Rh4 Re8 36. Rh7+ Re7 37. Rxe7+ Qxe7 38. Qd3 Qe5 39. Qd4 Ke6
40. Qc4+ 1/2-1/2

[Event "35 Masters 2012"]
[Site "Rennes"]
[Date "2012.04.07"]
[Round "2.5"]
[White "Belouassa, Aurelien"]
[Black "Le Marec, Simon"]
[Result "0-1"]
[WhiteElo "1749"]
[BlackElo "2134"]
[PlyCount "52"]
[EventDate "2012.??.??"]

1. d4 Nf6 2. c4 c5 3. d5 b5 4. e3 e6 5. dxe6 fxe6 6. cxb5 d5 7. Nf3 Bd6 8. Nc3
Bb7 9. Be2 O-O 10. Qc2 Nbd7 11. Nd2 Ne5 12. O-O d4 13. exd4 cxd4 14. Qb3 dxc3
15. Qxe6+ Nf7 16. bxc3 Re8 17. Qc4 Rc8 18. Qd3 Qc7 19. Bf3 Ne5 20. Qf5 Nxf3+
21. Nxf3 Be4 22. Qh3 Bd3 23. Rd1 Be2 24. Re1 Bxf3 25. Rxe8+ Rxe8 26. gxf3 Qxc3
0-1

[Event "35 Masters 2012"]
[Site "Rennes"]
[Date "2012.04.07"]
[Round "2.6"]
[White "Charpentier, Maxime"]
[Black "Theon, Pierre"]
[Result "1-0"]
[WhiteElo "1814"]
[BlackElo "2090"]
[PlyCount "63"]
[EventDate "2012.??.??"]

1. e4 e6 2. d4 d5 3. exd5 exd5 4. Bd3 Nc6 5. Ne2 Bd6 6. O-O Qh4 7. g3 Qh5 8.
Re1 Nge7 9. Bf4 Bxf4 10. Nxf4 Qxd1 11. Rxd1 Nxd4 12. Nxd5 Bg4 13. Nxc7+ Kd8 14.
Be2 Bxe2 15. Rxd4+ Kxc7 16. Re4 Nc6 17. Rxe2 Nd4 18. Re4 Rad8 19. Na3 Ne6 20.
Rae1 h5 21. h4 g5 22. hxg5 Nxg5 23. Re7+ Kb8 24. Kg2 h4 25. gxh4 Rxh4 26. Kg3
Rb4 27. b3 f5 28. f3 Rd2 29. Re8+ Kc7 30. R8e7+ Kc6 31. Rg7 f4+ 32. Kg4 1-0

[Event "35 Masters 2012"]
[Site "Rennes"]
[Date "2012.04.07"]
[Round "2.7"]
[White "Ruhlmann, Helene"]
[Black "Geffroy, Leo"]
[Result "0-1"]
[WhiteElo "1736"]
[BlackElo "1964"]
[PlyCount "108"]
[EventDate "2012.??.??"]

1. d4 Nf6 2. Nf3 g6 3. c4 Bg7 4. Nc3 O-O 5. g3 d6 6. Bg2 Nbd7 7. O-O c6 8. Qc2
e5 9. Rd1 exd4 10. Nxd4 a5 11. Bf4 Qe7 12. Nxc6 bxc6 13. Bxd6 Qe6 14. Bxc6 Ra6
15. Bxf8 Rxc6 16. Bxg7 Kxg7 17. b3 Qh3 18. f3 Ne5 19. Nd5 Nxd5 20. Rxd5 f6 21.
Rxa5 h5 22. Qd2 Bb7 23. Rd1 Rc7 24. Rf1 Rd7 25. Qc2 Ng4 26. e4 Qxf1+ (26... Ne3
27. Qf2 Rd2) 27. Kxf1 Ne3+ 28. Ke2 Nxc2 29. Ra7 f5 30. c5 fxe4 31. fxe4 Bc6 32.
Rxd7+ Bxd7 33. Kd2 Na3 34. Kc3 Kf6 35. Kb2 Nb5 36. a4 Na7 37. Ka3 Ke5 38. b4
Kxe4 39. Kb3 Kd4 40. Kc2 Bxa4+ 41. Kd2 Nc6 42. Ke2 Nxb4 43. Kf3 Nd5 44. h3 Kxc5
45. g4 Bd1+ 46. Kg3 hxg4 47. hxg4 g5 48. Kh3 Kd4 49. Kg3 Ke3 50. Kh3 Kf2 51.
Kh2 Ne3 52. Kh1 Bf3+ 53. Kh2 Nf1+ 54. Kh3 Bg2# 0-1

[Event "35 Masters 2012"]
[Site "Rennes"]
[Date "2012.04.07"]
[Round "2.9"]
[White "Henry, Solenne"]
[Black "Huard, Herve"]
[Result "1/2-1/2"]
[WhiteElo "1688"]
[BlackElo "1821"]
[PlyCount "76"]

1. e4 c5 2. c3 d5 3. exd5 Qxd5 4. d4 Nf6 5. Nf3 cxd4 6. cxd4 e6 7. Nc3 Qd8 8.
Ne5 Be7 9. Be2 O-O 10. O-O Nbd7 11. Bf4 Nb6 12. Rc1 Nfd5 13. Nxd5 Nxd5 14. Bg3
Bd6 15. Bd3 f6 16. Qh5 f5 17. Rfd1 Nf6 18. Qf3 g5 19. h4 g4 20. Qe3 Nh5 21. f4
Nf6 22. Bb1 Nd5 23. Qd3 h5 24. a3 Kh7 25. Ba2 Nf6 26. d5 Ne4 27. dxe6 Qb6+ 28.
Kh2 Bxe5 29. fxe5 Bxe6 30. Bxe6 Qxe6 31. Qd7+ Qxd7 32. Rxd7+ Kg8 33. Rcc7 Rfe8
34. Rg7+ (34. Bf4) 34... Kh8 35. Rh7+ Kg8 36. Rhg7+ Kh8 37. Rh7+ Kg8 38. Rhg7+
Kh8 1/2-1/2

[Event "35 Masters 2012"]
[Site "Rennes"]
[Date "2012.04.07"]
[Round "2.10"]
[White "Durand-Le Ludec, Brendan-Bubok"]
[Black "Ferret-Leger, Gaspard"]
[Result "0-1"]
[WhiteElo "1598"]
[BlackElo "1811"]
[PlyCount "40"]

1. e4 d5 2. d4 dxe4 3. Nc3 e5 4. dxe5 Qxd1+ 5. Kxd1 Nc6 6. Nxe4 Bf5 7. Ng3
O-O-O+ 8. Bd2 Bg4+ 9. f3 Be6 10. f4 Nh6 11. Be2 Bc5 12. Nf3 Ng4 13. Ne4 Ne3+
14. Kc1 Bb6 15. g3 Rd7 16. c3 Bf5 17. Bxe3 Bxe3+ 18. Ned2 Rhd8 19. Rd1 Bg4 20.
Kc2 Bxd2 0-1

[Event "35 Masters 2012"]
[Site "Rennes"]
[Date "2012.04.08"]
[Round "3.1"]
[White "Le Goff, Damien"]
[Black "Lejarre, Ludovic"]
[Result "1/2-1/2"]
[WhiteElo "2277"]
[BlackElo "2369"]
[PlyCount "40"]

1. e4 e5 2. Nf3 Nc6 3. Bc4 Nf6 4. d4 exd4 5. O-O Nxe4 6. Re1 d5 7. Bxd5 Qxd5 8.
Nc3 Qh5 9. Nxe4 Be6 10. Bg5 Bd6 11. Nxd6+ cxd6 12. Bf4 Qd5 13. c3 O-O 14. Nxd4
Nxd4 15. Qxd4 Qxd4 16. cxd4 d5 17. Rac1 Rfc8 18. Rxc8+ Rxc8 19. Rc1 Rxc1+ 20.
Bxc1 Kf8 1/2-1/2

[Event "35 Masters 2012"]
[Site "Rennes"]
[Date "2012.04.08"]
[Round "3.2"]
[White "Louis, Corentin"]
[Black "Entem, Alan"]
[Result "1/2-1/2"]
[WhiteElo "1974"]
[BlackElo "2151"]
[PlyCount "40"]

1. e4 c5 2. c3 g6 3. d4 cxd4 4. cxd4 d5 5. Nc3 dxe4 6. Bc4 Nf6 7. Qb3 e6 8. d5
exd5 9. Nxd5 Nxd5 10. Bxd5 Qe7 11. Qc3 Qb4 12. Bd2 Qxc3 13. Bxc3 Rg8 14. Bxe4
Bg7 15. Ne2 Nc6 16. O-O Bd7 17. Rac1 O-O-O 18. Nd4 Nxd4 19. Bxd4+ Kb8 20. Bxg7
Rxg7 1/2-1/2

[Event "35 Masters 2012"]
[Site "Rennes"]
[Date "2012.04.08"]
[Round "3.3"]
[White "Le Marec, Simon"]
[Black "Otmani, Kamel"]
[Result "0-1"]
[WhiteElo "2134"]
[BlackElo "2100"]
[PlyCount "134"]
[EventDate "2012.??.??"]

1. d4 Nf6 2. c4 g6 3. Nc3 Bg7 4. e4 d6 5. f3 O-O 6. Nge2 c5 7. Be3 Qa5 8. Qd2
Nc6 9. d5 Ne5 10. Ng3 h5 11. Be2 Qb4 12. Nd1 Qxd2+ 13. Bxd2 e6 14. Nc3 exd5 15.
cxd5 a6 16. a4 Re8 17. a5 Rb8 18. O-O Nh7 19. Ra3 h4 20. Nh1 b5 21. axb6 Rxb6
22. Na4 Rb8 23. Ba5 f5 24. Nf2 Bd7 25. Bc7 Rb4 26. Nc3 Rxb2 27. Bxa6 Nf7 28.
Nfd1 Rc2 {(=)} 29. Bd3 Rd2 30. Nb1 Rxd3 (30... Bd4+ 31. Kh1 Rxd3 32. Rxd3 Bb5)
31. Rxd3 Bb5 32. Re3 Bxf1 33. Kxf1 fxe4 34. Rxe4 Rxe4 35. fxe4 Be5 36. h3 Nf6
37. Nbc3 Ng5 38. Bd8 Kf7 39. Ke2 Bxc3 40. Nxc3 Ngxe4 41. Nxe4 Nxe4 42. Kd3 Nf6
43. Kc4 g5 44. Kb5 Ne4 45. Kc6 $2 (45. Kc4) 45... c4 46. Ba5 c3 47. Bb4 c2 48.
Ba3 Ke7 49. Bc1 Kf6 50. Bb2+ Kf5 51. Bc1 Ke5 52. Be3 Kf5 53. Bc1 g4 54. Be3
gxh3 55. gxh3 Ke5 56. Bc1 Kd4 57. Bb2+ Ke3 58. Kd7 Kd2 59. Ke6 c1=Q 60. Bxc1+
Kxc1 61. Kf5 Nf2 62. Ke6 Nxh3 63. Kxd6 Nf4 64. Ke5 Nxd5 65. Ke4 h3 66. Kf3 Kd2
67. Kg3 Nf4 0-1

[Event "35 Masters 2012"]
[Site "Rennes"]
[Date "2012.04.08"]
[Round "3.4"]
[White "Aubry, Yannis"]
[Black "Charpentier, Maxime"]
[Result "1-0"]
[WhiteElo "2069"]
[BlackElo "1814"]
[PlyCount "51"]
[EventDate "2012.??.??"]

1. d4 Nf6 2. c4 c5 3. d5 e6 4. Nc3 exd5 5. cxd5 d6 6. e4 g6 7. f4 Bg7 8. Bb5+
Nfd7 9. a4 O-O 10. Nf3 Re8 11. O-O Bxc3 $6 {Se séparer du Fou de cases noires
pour gagner un pion est une décision risqué. L'absence du Fou affaiblit
considérablement les cases f6-g7-h6 et de manière générale toute la position
du Roi noir} 12. bxc3 Rxe4 13. Ng5 Re7 14. f5 a6 15. fxg6 hxg6 16. Bd3 Ne5 17.
Ne4 Nxd3 $2 (17... f5 18. Nf6+ Kg7 19. Bg5 {Les Blancs gardent l'avantage mais
les Noirs sont toujours vivants.}) 18. Qxd3 (18. Nf6+ {est encore plus fort
mais la prise gagne aussi sans être trop compliquée} Kg7 19. Qxd3) 18... Bf5 $2
{comme souvent dans une position difficile, le défenseur ne trouve pas le
meilleur coup.} (18... f5 {est un peu mieux}) 19. Nf6+ Kg7 20. Rxf5 Re1+ 21.
Rf1 Rxf1+ 22. Qxf1 Nd7 (22... Qxf6 23. Bh6+) 23. Nxd7 Qxd7 24. c4 Rb8 25. Bb2+
Kg8 26. Qf6 1-0

[Event "35 Masters 2012"]
[Site "Rennes"]
[Date "2012.04.08"]
[Round "3.5"]
[White "Jouneau, Quentin"]
[Black "Minvielle, Vincent"]
[Result "0-1"]
[WhiteElo "2006"]
[BlackElo "1860"]
[PlyCount "98"]

1. e4 c5 2. Nf3 d6 3. d4 cxd4 4. Nxd4 Nf6 5. Nc3 e5 6. Ndb5 Be7 7. Bg5 a6 8.
Na3 b5 9. Bxf6 Bxf6 10. Nd5 Bg5 11. Bd3 O-O 12. h4 Bh6 13. g4 Bf4 14. Qf3 Nc6
15. Nxf4 Qa5+ 16. Kf1 exf4 17. Qxf4 Ne5 18. Be2 Qb4 19. Rh3 Qxb2 20. Rd1 Qb4
21. h5 f5 22. Rb3 Qxe4 23. Qxe4 fxe4 24. Rxd6 Bxg4 25. Rg3 Bxe2+ 26. Kxe2 Rf3
27. Rxf3 exf3+ 28. Ke3 b4 29. Kf4 Nf7 30. Rb6 bxa3 31. c4 Nd8 32. Kxf3 Kf7 33.
Ke4 Ne6 34. Ke5 Nc5 35. Rc6 Nd3+ 36. Kf5 Nxf2 37. Rc7+ Kf8 38. h6 g6+ 39. Ke6
Kg8 40. Rd7 Ne4 41. Ke7 Rc8 42. Ra7 Nc5 43. Kd6 Kh8 44. Re7 g5 45. Re5 g4 46.
Re3 g3 47. Re2 Rg8 48. Rg2 Nd3 49. c5 Nf4 0-1

[Event "35 Masters 2012"]
[Site "Rennes"]
[Date "2012.04.08"]
[Round "3.6"]
[White "Ferret-Leger, Gaspard"]
[Black "Maulana, Kahfi"]
[Result "0-1"]
[WhiteElo "1811"]
[BlackElo "1987"]
[PlyCount "48"]

1. c4 e5 2. Nc3 Nf6 3. Nf3 Nc6 4. d4 exd4 5. Nxd4 g6 6. Nxc6 bxc6 7. g3 Bg7 8.
Bg2 O-O 9. O-O Rb8 10. Qa4 a6 11. Rd1 Qe7 12. Bf4 Rb4 13. Qa3 Re8 14. Bxc7 Rxc4
15. Bd6 Qe6 16. e3 Ng4 17. Ne2 Qf5 18. Rf1 Rc2 19. Nd4 Bxd4 20. exd4 Rxf2 21.
Rfe1 Rxg2+ 22. Kxg2 Qf2+ 23. Kh3 Qxh2+ 24. Kxg4 Qh5+ 0-1

[Event "35 Masters 2012"]
[Site "Rennes"]
[Date "2012.04.08"]
[Round "3.7"]
[White "Geffroy, Leo"]
[Black "Belouassa, Aurelien"]
[Result "1-0"]
[WhiteElo "1964"]
[BlackElo "1749"]
[PlyCount "69"]

1. e4 c5 2. Nf3 a6 3. c3 e6 4. d4 d5 5. exd5 Qxd5 6. Be2 Nc6 7. O-O cxd4 8.
cxd4 Be7 9. Nc3 Qd8 10. Be3 Nf6 11. Rc1 O-O 12. Ne5 Nb4 13. a3 Nbd5 14. Bd3
Nxc3 15. Rxc3 Bd6 16. Bg5 h6 17. Bh4 Be7 18. Bb1 Nd5 19. Bxe7 Qxe7 20. Rg3 Nf6
21. Qd2 Kh8 22. Rg6 $6 Ng8 $4 23. Qd3 f5 24. Rxh6+ gxh6 25. Ng6+ Kg7 26. Nxe7
Nxe7 27. Rc1 Nd5 28. Ba2 Rf7 29. Qg3+ Kf8 30. Bxd5 exd5 31. Qe5 Rg7 32. Qf6+
Rf7 33. Qh8+ Ke7 34. Rc7+ Ke6 35. Qe5# 1-0

[Event "35 Masters 2012"]
[Site "Rennes"]
[Date "2012.04.08"]
[Round "3.8"]
[White "Huard, Herve"]
[Black "Ruhlmann, Helene"]
[Result "0-1"]
[WhiteElo "1821"]
[BlackElo "1736"]
[PlyCount "110"]

1. e4 g6 2. d4 c6 3. c4 Bg7 4. Nf3 d5 5. e5 Nh6 6. c5 Bg4 7. Be2 O-O 8. h3 Bxf3
9. Bxf3 f6 10. exf6 exf6 11. O-O Na6 12. Bf4 Nc7 13. Qd2 Nf7 14. Nc3 Ne6 15.
Be3 f5 16. g3 Qf6 17. Ne2 Nfg5 18. Bg2 Ne4 19. Bxe4 dxe4 20. Rad1 Rad8 21. Qc3
Rd7 22. h4 h6 23. f4 g5 24. Rf2 gxh4 25. gxh4 Qxh4 26. Rg2 Kh7 27. Bf2 Qe7 28.
Qg3 Nxc5 29. Qg6+ Kh8 30. Qh5 Nd3 31. Bh4 Qf7 32. Qxf7 Rfxf7 33. Rh2 Nxb2 34.
Rb1 Nd3 35. Kg2 Rd6 36. Rbh1 Rg6+ 37. Kf1 Kg8 38. Rh3 Rd7 39. Bf2 Rd5 40. Ng3
Nxf4 41. Rh4 Rg4 42. Rxg4 fxg4 43. Nxe4 h5 44. Nc3 Rf5 45. Bg3 Nh3+ 46. Ke2 Rf3
47. Rxh3 Rxc3 48. Rxh5 Rxg3 49. Rg5 Kf7 50. d5 Bf6 51. Rh5 Rh3 52. Rf5 Kg6 53.
Rf2 cxd5 54. Kd1 g3 55. Rg2 Rh1+ 0-1